| 000 | 00708nam a2200253 a 4500 | ||
|---|---|---|---|
| 999 |
_c5195 _d5195 |
||
| 001 | 5195 | ||
| 003 | BD-JhCC | ||
| 005 | 20171214163057.0 | ||
| 008 | 850322s1986 maua b 001 0 eng | ||
| 020 | _a0395355281 (pbk.) | ||
| 035 | _a(BD-JhCC) | ||
| 040 |
_aDLC _cDLC _dDLC |
||
| 041 | _aeng | ||
| 050 | 0 | 0 |
_aHB172 _b.M395 1986 |
| 082 | 0 | 0 |
_a338.5 _219 _bMCK 1986 |
| 100 | 1 | _aMcKenzie, Richard B. | |
| 245 | 1 | 0 |
_aMicroeconomics / _cRichard B. McKenzie. |
| 260 |
_aBoston : _bHoughton Mifflin Co., _cc1986. |
||
| 300 |
_axxxviii, 569, 11, 15 p. : _bill. (some col.) ; _c26 cm. |
||
| 504 | _aIncludes bibliographical references and index. | ||
| 650 | 0 | _aMicroeconomics. | |
| 942 |
_2ddc _cBK |
||